|
|
|
|
| LEADER |
01012naa a2200205 i 4500 |
| 001 |
acta89098 |
| 005 |
20251203091401.0 |
| 008 |
251203s2025 hu o 100 hun d |
| 040 |
|
|
|a SZTE Egyetemi Kiadványok Repozitórium
|b hun
|
| 041 |
|
|
|a hun
|
| 100 |
1 |
|
|a Kovács Emma
|
| 245 |
1 |
3 |
|a Az Alkotmánybíróság befogadási gyakorlata a közszereplők bírálhatóságához fűződő alkotmányjogi panaszindítványok vonatkozásában
|h [elektronikus dokumentum] :
|b [absztrakt] /
|c Kovács Emma
|
| 260 |
|
|
|a Szegedi Tudományegyetem Móra Ferenc Szakkollégium
|b Szeged
|c 2025
|
| 300 |
|
|
|a 69-70
|
| 490 |
0 |
|
|a Móra Kárpát-medencei Interdiszciplináris Szakkollégiumi Konferencia
|v 9
|
| 650 |
|
4 |
|a Társadalomtudományok
|
| 650 |
|
4 |
|a Jogtudomány
|
| 695 |
|
|
|a Alkotmányjog - magyar - előadáskivonat
|
| 711 |
|
|
|a IX. Móra Kárpát-medencei Interdiszciplináris Szakkollégiumi Konferencia
|c Szeged
|d 2025. november 21-23.
|
| 856 |
4 |
0 |
|u http://acta.bibl.u-szeged.hu/89098/1/morakonf_2025_069-070.pdf
|z Dokumentum-elérés
|